| Tag |
First Indicator |
Second Indicator |
Subfields |
| LEADER |
00000cam a2200000 a 4500 |
| 001 |
in00001247721 |
| 005 |
20151003083424.0 |
| 008 |
940927s1995 enk b 001 0 eng |
| 010 |
|
|
|a 94037057
|
| 020 |
|
|
|a 086078472X (alk. paper)
|
| 035 |
|
|
|a (OCoLC)31376510
|
| 035 |
|
|
|9 AGU7977AM
|
| 040 |
|
|
|a DLC
|c DLC
|d TXA
|d UtOrBLW
|
| 049 |
|
|
|a TXAM
|
| 050 |
0 |
0 |
|a B785.F43
|b A44 1995
|
| 082 |
0 |
0 |
|a 186/.4
|2 20
|
| 100 |
1 |
|
|a Allen, Michael J. B.
|
| 245 |
1 |
0 |
|a Plato's third eye :
|b studies in Marsilio Ficino's metaphysis and its sources /
|c Michael J.B. Allen.
|
| 264 |
|
1 |
|a Aldershot, Hampshire ;
|a Brookfield, Vt. :
|b Variorum,
|c 1995.
|
| 300 |
|
|
|a 1 volume (various pagings) ;
|c 23 cm.
|
| 336 |
|
|
|a text
|b txt
|2 rdacontent
|
| 337 |
|
|
|a unmediated
|b n
|2 rdamedia
|
| 338 |
|
|
|a volume
|b nc
|2 rdacarrier
|
| 490 |
1 |
|
|a Collected studies series ;
|v CS483
|
| 504 |
|
|
|a Includes bibliographical references and index.
|
| 600 |
1 |
0 |
|a Ficino, Marsilio,
|d 1433-1499.
|
| 600 |
0 |
0 |
|a Plato
|x Influence.
|
| 650 |
|
0 |
|a Neoplatonism.
|
| 830 |
|
0 |
|a Collected studies ;
|v CS483.
|
| 999 |
|
|
|a MARS
|
| 999 |
f |
f |
|s 26afa52d-930c-3cf9-872a-53a6c7f3f53c
|i 86363ffe-da98-312c-b73d-aea01cc7a0f1
|t 0
|
| 952 |
f |
f |
|p ric
|a Texas A&M University
|b Rellis Campus
|c Joint Library Facility
|d Remote Storage
|t 0
|e B785.F43 A44 1995
|h Library of Congress classification
|i unmediated -- volume
|m A14819553106
|
| 998 |
f |
f |
|a B785.F43 A44 1995
|t 0
|l Remote Storage
|